| 000 | 00530nam a2200169Ia 4500 | ||
|---|---|---|---|
| 003 | GCL | ||
| 008 | 140319s9999 xx 000 0 ara d | ||
| 040 |
_aGCL / _cGCL |
||
| 082 | 0 | 4 |
_a956.04 _bاص |
| 100 | 1 | _aاحمد حسين اللقانى | |
| 245 | 1 | 0 |
_aالصراع العربى الاسرائيلى / _cاحمد حسين اللقانى |
| 260 |
_a[S.N] : _bمؤسسة الخليج العربى ، _c1984 |
||
| 300 | _a137 ص | ||
| 490 | _a | ||
| 650 | 0 | 4 | _aالنزاع العربى الاسرائيلى |
| 942 |
_2ddc _cBK |
||
| 999 |
_c52629 _d52629 |
||